| 000 | 00511nam a22001817a 4500 | ||
|---|---|---|---|
| 003 | LK-CoMWRAF | ||
| 005 | 20240315134443.0 | ||
| 008 | 240309b |||||||| |||| 00| 0 eng d | ||
| 040 |
_aLK-CoMWRAF _dLK-CoMWRAF _eLK-CoMWRAF |
||
| 041 | _aeng | ||
| 082 |
_a808.1 _bPOE |
||
| 245 |
_aThe poetry of earth: _ba collection of poetry about the earth and its creatures |
||
| 260 |
_aTexas: _bDLM, _c1992 |
||
| 300 |
_a72 p. _bIndex included |
||
| 650 | _aEARTH-Poetry | ||
| 700 |
_aSanchez, Pamela _eills. |
||
| 942 | _cBK | ||
| 999 |
_c4854 _d4854 |
||